Experimentación y asombro en el taller de ciencias /

Guardado en:
Autor Principal: Andersson, Adriana Victoria
Otros Autores: Díaz de Rivera, Claudia M., Corro de Bembhy, Nora C.
Formato: Libro
Publicado: Buenos Aires : Actilibro, 1994
Series:Colección del taller
Materias:
Etiquetas: Agregar Etiqueta
Sin Etiquetas, Sea el primero en etiquetar este registro!
LEADER 00890nam a22002655a 4500
001 CEM.cems010457
005 20080515131433.0
008 130507s1994##################000#0#####d
003 CEMS
020 |a 9509658294 
082 0 4 |a 372.21 
100 1 |a Andersson, Adriana Victoria 
245 1 0 |a Experimentación y asombro en el taller de ciencias /  |c Dirigida Por Adriana Victoria Andersson ; claudia M. Díaz de Rivera, Nora C. Corro de Bembhy 
260 |a Buenos Aires :  |b Actilibro,  |c 1994 
300 |a 180 p. 
490 0 |a Colección del taller 
500 |a Para nivel inicial 
653 |a Educación 
653 |a Nivel incial 
653 |a Nivel inicial-talleres 
653 |a Nivel incial-juego 
653 |a Nivel incial-aprendizaje 
700 1 |a Díaz de Rivera, Claudia M. 
700 1 |a Corro de Bembhy, Nora C. 
859 |a CEMS  |b BIB. CEMS - 11 de abril  |h 372.21  |i An23-1  |p 21007.00  |t Ej.1